000 00642nam a2200217Ia 4500
005 20241129110946.0
008 241129s9999||||xx |||||||||||||| ||und||
020 _a978-93-91144-95-1
037 _aTB
040 _aCRL
_beng
_cCRL
041 _aeng
_2eng
084 _aU.2.C R2
_qCRL
100 _aKhan Zahoor Ali Au.
_9722959
245 0 _aStudies in indian historical geography: from ancient sarasvati to the railway age
_cKhan Zahoor Ali Au.
260 _aNew Delhi, India
_bPrimus Books
_c2022
300 _axii,107p.
365 _aINR
_b1495
650 _aGeography
942 _cTB
_hU.2.C R2
999 _c1228283
_d1228283